000 00585nam a2200181 a 4500
001 000022613
005 20200930021710.0
008 101014s1976 sp ac 000 0 spa d
020 _a8473800850
040 _aDO-SdBNP
_bspa
_cBNPHU
082 _axxx
_bM764i
100 1 _aMontaner, Carlos Alberto
_d1943-
_932455
245 1 0 _aInforme secreto sobre la revolución cubana /
_cCarlos Alberto Montaner.
260 _aMadrid :
_bSedmay Ediciones,
_c1976.
300 _a300 p. :
_bil., retr. ;
_c22 cm.
500 _aIncluye datos biográficos del autor en la contraportada
049 _aBNPD
999 _c22110
_d22110